[Event "Dortmunder SV 1 - SF Brackel 2"]
[Site "Verbandsliga - Gr. 2 2019/202"]
[Date "2019.12.08"]
[Round "4.5"]
[White "Wuebbeke, Christoph"]
[Black "Huettemann, Karl-Heinz"]
[Result "1/2-1/2"]
[WhiteElo "1873"]
[BlackElo "1952"]
[PlyCount "57"]
[EventDate "2019.??.??"]
[WhiteTeam "SF Brackel 2"]
[BlackTeam "Dortmunder SV 1"]

1. e4 c5 2. Nf3 Nf6 3. Nc3 d5 4. exd5 Nxd5 5. Bc4 Nxc3 6. bxc3 e6 7. O-O Bd6 8.
d4 Qc7 9. Qd3 h6 10. Re1 O-O 11. g4 Nd7 12. h4 Nb6 13. g5 cxd4 14. gxh6 Qxc4
15. hxg7 Kxg7 16. Qd2 f6 17. Qh6+ Kf7 18. Qh7+ Ke8 19. Bh6 Rf7 20. Qg8+ Ke7 21.
Nxd4 e5 22. Re4 Qxc3 23. Rae1 Bd7 24. Qg6 Qc8 25. Rxe5+ Bxe5 26. Rxe5+ fxe5 27.
Bg5+ Ke8 28. Qg8+ Rf8 29. Qg6+ 1/2-1/2

[Event "Dortmunder SV 1 - SF Brackel 2"]
[Site "Verbandsliga - Gr. 2 2019/202"]
[Date "2019.12.08"]
[Round "4.6"]
[White "Brockmann, Fabian"]
[Black "Mathe, Christian"]
[Result "1-0"]
[WhiteElo "1921"]
[BlackElo "1683"]
[Annotator "Daniel"]
[PlyCount "107"]
[EventDate "2019.??.??"]
[WhiteTeam "Dortmunder SV 1"]
[BlackTeam "SF Brackel 2"]

1. e4 e5 2. d4 exd4 3. Qxd4 Nc6 4. Qe3 Nf6 5. Bd2 b6 6. Nc3 Bc5 7. Qg3 O-O 8.
O-O-O Re8 9. f3 a6 10. h4 Bd6 11. Qh3 Be5 12. g4 d5 13. Nge2 dxe4 14. Bg5 Qe7
15. Nxe4 Qb4 16. N4c3 Be6 17. a3 Qc5 18. Bxf6 Bxf6 19. Qg3 Qe3+ 20. Kb1 Be5 21.
Qg1 Qxg1 22. Rxg1 Rad8 23. Bg2 Nd4 24. Nc1 g6 $11 25. Nd3 Bg3 26. h5 Bc4 27.
Ne4 Bxd3 28. Rxd3 Be5 29. f4 Bh8 30. Rgd1 Ne6 31. Rxd8 Rxd8 32. Rf1 f5 33. gxf5
gxf5 34. Bh3 fxe4 35. Bxe6+ Kf8 36. Re1 Rd2 37. Bf5 Rh2 38. Bxh7 Rxh5 39. Bxe4
Rh4 40. f5 Rf4 41. Bd3 a5 42. Ka2 Bf6 43. Kb3 Be7 44. Re6 Bc5 45. Be4 Be7 46.
Kc4 Kf7 47. Kd5 Bd6 48. Kc6 Rf2 49. Rxd6 cxd6 50. Kxb6 Rd2 51. Kxa5 Rd4 52. Bd3
Ke7 53. Kb6 Rd5 54. b4 1-0

[Event "Dortmunder SV 1 - SF Brackel 2"]
[Site "Verbandsliga - Gr. 2 2019/202"]
[Date "2019.12.08"]
[Round "4.7"]
[White "Grote, Christina"]
[Black "Alarand, Beshr"]
[Result "0-1"]
[WhiteElo "1642"]
[BlackElo "1908"]
[PlyCount "80"]
[EventDate "2019.??.??"]
[WhiteTeam "SF Brackel 2"]
[BlackTeam "Dortmunder SV 1"]

1. d4 Nf6 2. g3 d5 3. Bg2 g6 4. Nf3 Bg7 5. O-O O-O 6. Nbd2 Nc6 7. b3 Ne4 8. Bb2
Bf5 9. a3 a5 10. e3 a4 11. b4 Nd6 12. Nh4 Be6 13. Rb1 Nb8 14. Qe2 c6 15. Nhf3
Nd7 16. Ng5 Bf5 17. e4 dxe4 18. Ngxe4 Nb5 19. c3 e5 20. d5 Qc7 21. dxc6 bxc6
22. Rbd1 Rfd8 23. Nf3 Nb6 24. c4 Nd4 25. Nxd4 exd4 26. c5 Nc8 27. Qf3 h5 28. h3
Qd7 29. Qf4 Bxe4 30. Qxe4 Na7 31. Rd3 Rac8 32. Rfd1 Nb5 33. Qh4 Qe6 34. Qf4 Qc4
35. Qf3 Re8 36. Kh2 Re6 37. Qf4 Rce8 38. Qf3 Rf6 39. Rxd4 Nxd4 40. Rxd4 Qxd4
0-1

[Event "Dortmunder SV 1 - SF Brackel 2"]
[Site "Verbandsliga - Gr. 2 2019/202"]
[Date "2019.12.08"]
[Round "4.8"]
[White "Surmann, Christoph"]
[Black "Sohraby, Darjusch"]
[Result "1-0"]
[WhiteElo "1728"]
[BlackElo "1541"]
[PlyCount "61"]
[EventDate "2019.??.??"]
[WhiteTeam "Dortmunder SV 1"]
[BlackTeam "SF Brackel 2"]

1. d4 e6 2. c4 d5 3. Nc3 Nf6 4. cxd5 exd5 5. Bg5 Be7 6. Qc2 O-O 7. e3 h6 8. Bh4
c6 9. Bd3 a5 10. Nf3 Nbd7 11. O-O Re8 12. a3 b5 13. Bg3 Bb7 14. Rfd1 Qb6 15.
Ne5 Rac8 16. Rab1 Nxe5 17. Bxe5 Qd8 18. Bf5 Ra8 19. Ne2 Bd6 20. Bxd6 Qxd6 21.
Rbc1 Ne4 22. Bxe4 Rxe4 23. Qc5 Qd7 24. Nf4 g5 25. Nd3 f6 26. Qb6 Ra6 27. Nc5
Rxb6 28. Nxd7 Ra6 29. Nxf6+ Kf7 30. Nxe4 dxe4 31. d5 1-0

[Event "SV Bochum-Linden 1 - SC Buer-Hassel 1"]
[Site "Verbandsliga - Gr. 2 2019/202"]
[Date "2019.12.08"]
[Round "4.1"]
[White "Wolff, Christoph"]
[Black "Hahn, Matthias"]
[Result "1/2-1/2"]
[WhiteElo "1964"]
[BlackElo "2068"]
[Annotator "Daniel"]
[PlyCount "64"]
[EventDate "2019.??.??"]
[WhiteTeam "SC Buer-Hassel 1"]
[BlackTeam "SV Bochum-Linden 1"]

1. e4 e5 2. Nc3 Nf6 3. g3 d5 4. exd5 Nxd5 5. Bg2 Nxc3 6. bxc3 Nc6 7. Nf3 Bc5 8.
O-O O-O 9. Re1 Bg4 10. h3 Bh5 11. g4 Bg6 12. Nxe5 Nxe5 13. Rxe5 Bd6 14. Re1 c6
15. d3 f5 16. a4 fxg4 17. Qxg4 Bf5 18. Qc4+ Kh8 19. Ba3 Bxa3 20. Rxa3 Qg5 21.
Qc5 Qd2 22. Qe3 Qxc2 23. Bf1 Qb2 24. Qc1 $11 Qb6 25. Qe3 Qc7 26. Qe5 Qf7 27.
Qg3 Qh5 28. Re7 Rf7 29. Be2 Qg6 30. Qxg6 Bxg6 31. Rxf7 Bxf7 32. Bf3 Be6 1/2-1/2

[Event "SV Bochum-Linden 1 - SC Buer-Hassel 1"]
[Site "Verbandsliga - Gr. 2 2019/202"]
[Date "2019.12.08"]
[Round "4.2"]
[White "Schreck, Roland"]
[Black "Hammerich, Simon"]
[Result "1-0"]
[WhiteElo "2109"]
[BlackElo "2032"]
[PlyCount "71"]
[EventDate "2019.??.??"]
[WhiteTeam "SV Bochum-Linden 1"]
[BlackTeam "SC Buer-Hassel 1"]

1. Nf3 d5 2. g3 c6 3. Bg2 Bg4 4. Ne5 Bf5 5. d4 e6 6. O-O Bd6 7. c4 Nd7 8. Nxd7
Qxd7 9. Nc3 Nf6 10. f3 e5 11. cxd5 cxd5 12. Bg5 exd4 13. Qxd4 Rc8 14. Kh1 Bc5
15. Qe5+ Qe6 16. Bxf6 gxf6 17. Qxd5 Qxd5 18. Nxd5 Bd4 19. e4 Be6 20. Rfd1 Bxb2
21. Rab1 Bxd5 22. Rxd5 b6 23. Bf1 Ba3 24. Bb5+ Kf8 25. Rd7 a5 26. Rb7 Kg7 27.
Bd7 Rc2 28. Be6 Rf2 29. Bxf7 Bc5 30. Be6+ Kh6 31. f4 Kh5 32. Rd1 Re2 33. Rd5+
Kh6 34. Bg4 Rxa2 35. Rh5+ Kg6 36. f5# 1-0

[Event "SV Bochum-Linden 1 - SC Buer-Hassel 1"]
[Site "Verbandsliga - Gr. 2 2019/202"]
[Date "2019.12.08"]
[Round "4.3"]
[White "Wiechen, Ulrich"]
[Black "Boehm, Ingo"]
[Result "1/2-1/2"]
[WhiteElo "1910"]
[BlackElo "2040"]
[PlyCount "79"]
[EventDate "2019.??.??"]
[WhiteTeam "SC Buer-Hassel 1"]
[BlackTeam "SV Bochum-Linden 1"]

1. e4 g6 2. f4 d5 3. e5 c5 4. c3 Nc6 5. d4 cxd4 6. cxd4 Qb6 7. Nc3 Qxd4 8. Qxd4
Nxd4 9. Nxd5 Nc2+ 10. Kd1 Nxa1 11. Nc7+ Kd8 12. Nxa8 Bf5 13. Be3 b6 14. Nxb6
Nc2 15. Nc4 Nxe3+ 16. Nxe3 Be4 17. Nf3 Bxf3+ 18. gxf3 Bh6 19. Ng2 e6 20. Bc4
Ne7 21. Ke2 Kc7 22. Rc1 Kb6 23. Rd1 Kc7 24. Kd3 Rb8 25. b3 Nc6 26. Ke4 Na5 27.
Rc1 Kb6 28. Ne1 Rd8 29. Nd3 Nc6 30. h4 Ne7 31. Ke3 Nf5+ 32. Ke2 Rd4 33. a4 Nxh4
34. Bb5 Bxf4 35. Rc6+ Kb7 36. Nc5+ Kb8 37. Na6+ Kb7 38. Nc5+ Kb8 39. Na6+ Kb7
40. Nc5+ 1/2-1/2

[Event "SV Bochum-Linden 1 - SC Buer-Hassel 1"]
[Site "Verbandsliga - Gr. 2 2019/202"]
[Date "2019.12.08"]
[Round "4.4"]
[White "Schmidt, Ralph"]
[Black "Althoff, Christoph"]
[Result "1/2-1/2"]
[WhiteElo "1892"]
[BlackElo "1914"]
[PlyCount "93"]
[EventDate "2019.??.??"]
[WhiteTeam "SV Bochum-Linden 1"]
[BlackTeam "SC Buer-Hassel 1"]

1. e4 e6 2. Nc3 d5 3. exd5 exd5 4. Qf3 Nf6 5. d4 Nc6 6. Bb5 Bg4 7. Qg3 Bd6 8.
Qh4 Be6 9. Nge2 Ne4 10. Qxd8+ Rxd8 11. Nxe4 dxe4 12. O-O O-O 13. c3 Ne7 14. Nf4
Bf5 15. Re1 c6 16. Ba4 Ng6 17. Nh5 Rfe8 18. Bg5 Rc8 19. Bc2 h6 20. Bd2 Re7 21.
f3 Rce8 22. Ng3 Bxg3 23. hxg3 e3 24. Bxf5 exd2 25. Rxe7 Nxe7 26. Bd7 Rd8 27.
Bh3 c5 28. Rd1 cxd4 29. Rxd2 Nc6 30. cxd4 Rxd4 31. Rxd4 Nxd4 32. Kf2 Kf8 33.
Ke3 Nc6 34. Bc8 b6 35. Bb7 Nd8 36. Bd5 Ke7 37. Kd4 Kd6 38. a4 a6 39. Bc4 a5 40.
b3 Nc6+ 41. Ke4 f6 42. f4 Ne7 43. g4 Nc6 44. g5 hxg5 45. fxg5 fxg5 46. Kf5 g4
47. Ke4 1/2-1/2

[Event "SV Bochum-Linden 1 - SC Buer-Hassel 1"]
[Site "Verbandsliga - Gr. 2 2019/202"]
[Date "2019.12.08"]
[Round "4.5"]
[White "Strohmann, Andreas"]
[Black "Marx, Henning"]
[Result "0-1"]
[WhiteElo "1862"]
[BlackElo "1932"]
[PlyCount "46"]
[EventDate "2019.??.??"]
[WhiteTeam "SC Buer-Hassel 1"]
[BlackTeam "SV Bochum-Linden 1"]

1. e4 c6 2. d4 d5 3. Nc3 dxe4 4. Nxe4 Nf6 5. Ng3 Bg4 6. Be2 Bxe2 7. N1xe2 e6 8.
O-O Bd6 9. Bg5 Qc7 10. c4 h6 11. Bxf6 gxf6 12. Nh5 Nd7 13. d5 O-O-O 14. g3 Rhg8
15. dxe6 fxe6 16. Nd4 Rde8 17. Re1 e5 18. Nf5 Bf8 19. a3 Rg5 20. Qf3 e4 21. Nd4
Qe5 22. Qd1 Rxh5 23. f4 Qxd4+ 0-1

[Event "SV Bochum-Linden 1 - SC Buer-Hassel 1"]
[Site "Verbandsliga - Gr. 2 2019/202"]
[Date "2019.12.08"]
[Round "4.6"]
[White "Hochstein, Udo"]
[Black "Lazarev, Vadim"]
[Result "1/2-1/2"]
[WhiteElo "1888"]
[BlackElo "1771"]
[PlyCount "54"]
[EventDate "2019.??.??"]
[WhiteTeam "SV Bochum-Linden 1"]
[BlackTeam "SC Buer-Hassel 1"]

1. d4 Nf6 2. c4 d5 3. cxd5 Nxd5 4. e4 Nf6 5. Nc3 e5 6. d5 Bg4 7. Qb3 Qc8 8. f3
Bd7 9. Be3 a5 10. Bb5 Bb4 11. Bxd7+ Nbxd7 12. Nge2 O-O 13. O-O Bc5 14. Bxc5
Nxc5 15. Qc4 b6 16. Rac1 Ne8 17. Nb5 Qd7 18. Rfd1 h5 19. Ng3 g6 20. Nf1 Nd6 21.
Nxd6 cxd6 22. Qe2 Rfc8 23. Rc2 Rc7 24. Rdc1 Rac8 25. b3 Kg7 26. Ne3 b5 27. Qd2
Nb7 1/2-1/2

[Event "SV Bochum-Linden 1 - SC Buer-Hassel 1"]
[Site "Verbandsliga - Gr. 2 2019/202"]
[Date "2019.12.08"]
[Round "4.7"]
[White "Semina, Svetlana"]
[Black "Pappert, Thomas"]
[Result "1-0"]
[WhiteElo "2091"]
[BlackElo "1807"]
[PlyCount "53"]
[EventDate "2019.??.??"]
[WhiteTeam "SC Buer-Hassel 1"]
[BlackTeam "SV Bochum-Linden 1"]

1. e4 c5 2. Nf3 Nc6 3. d4 cxd4 4. Nxd4 e5 5. Nb5 d6 6. c4 f5 7. N1c3 a6 8. Na3
f4 9. Nc2 Nf6 10. g3 g5 11. h4 Bh6 12. hxg5 Bxg5 13. gxf4 exf4 14. Be2 Be6 15.
Nd4 Qd7 16. Nf3 Rg8 17. Nxg5 Rxg5 18. Bxf4 Rg6 19. Bxd6 O-O-O 20. c5 Qg7 21.
Bf1 h5 22. Qd2 Bg4 23. Qe3 Nb4 24. Rc1 Be6 25. f3 Qd7 26. a3 Nc6 27. Na4 1-0

[Event "SV Bochum-Linden 1 - SC Buer-Hassel 1"]
[Site "Verbandsliga - Gr. 2 2019/202"]
[Date "2019.12.08"]
[Round "4.8"]
[White "Artz, Klaus"]
[Black "Wingerning, Gerd"]
[Result "1/2-1/2"]
[WhiteElo "1802"]
[BlackElo "1740"]
[PlyCount "154"]
[EventDate "2019.??.??"]
[WhiteTeam "SV Bochum-Linden 1"]
[BlackTeam "SC Buer-Hassel 1"]

1. c4 d5 2. cxd5 Nf6 3. Nc3 Nxd5 4. Qb3 c6 5. e4 Nxc3 6. bxc3 e5 7. Bc4 Qc7 8.
a4 Bd6 9. Rb1 O-O 10. Ne2 Nd7 11. Ba3 Nf6 12. Bxd6 Qxd6 13. Ng3 b6 14. Qa2 Bd7
15. O-O Rab8 16. Rfd1 c5 17. h3 Rbd8 18. Re1 Bc8 19. Rb2 Qc7 20. Ra1 Rd6 21. a5
Be6 22. Bxe6 Rxe6 23. axb6 Rxb6 24. Qa5 Qb7 25. Rxb6 axb6 26. Qa4 Rd8 27. Ra2
g6 28. f3 b5 29. Qa5 Rb8 30. Qa6 Qxa6 31. Rxa6 b4 32. cxb4 cxb4 33. Rxf6 b3 34.
Ne2 b2 35. Nc3 b1=Q+ 36. Nxb1 Rxb1+ 37. Kf2 Rd1 38. Rd6 Kg7 39. h4 Rh1 40. g3
Rd1 41. Kg2 Re1 42. g4 Re2+ 43. Kg3 Re1 44. g5 h6 45. Kf2 Rh1 46. Kg3 Re1 47.
Rd5 hxg5 48. Rxe5 gxh4+ 49. Kxh4 Kf6 50. Rd5 Rg1 51. Kh3 Ke6 52. Kh2 Re1 53.
Kg3 f5 54. d3 Rf1 55. Ra5 Rd1 56. Ra6+ Ke5 57. Ra5+ Ke6 58. Rd5 Re1 59. Kf4
fxe4 60. dxe4 Kf6 61. Rd6+ Kf7 62. Ke5 Rg1 63. Rd7+ Ke8 64. Ke6 Rg3 65. Ra7 Kf8
66. f4 Rg4 67. Ke5 Rh4 68. f5 gxf5 69. Kxf5 Rh6 70. e5 Ke8 71. e6 Rh1 72. Ra4
Ke7 73. Ra7+ Ke8 74. Rd7 Rf1+ 75. Ke5 Re1+ 76. Kd6 Rd1+ 77. Kc7 Rc1+ 1/2-1/2

[Event "SV Recklinghausen-Süd 1 - SV Horst-Ems"]
[Site "Verbandsliga - Gr. 2 2019/202"]
[Date "2019.12.08"]
[Round "4.1"]
[White "Baerwolf, Steven"]
[Black "Beckmann, Klaus"]
[Result "1-0"]
[WhiteElo "2210"]
[BlackElo "2095"]
[PlyCount "119"]
[EventDate "2019.??.??"]
[WhiteTeam "SV Horst-Emscher 1"]
[BlackTeam "SV Recklinghausen-SÃ¼d 1"]

1. e4 d5 2. exd5 Qxd5 3. Nc3 Qd6 4. d4 Nf6 5. Nf3 c6 6. Ne5 Nbd7 7. Bf4 Nxe5 8.
dxe5 Qb4 9. Qd2 Nd5 10. Nxd5 Qxd2+ 11. Bxd2 cxd5 12. O-O-O Bd7 13. Be3 e6 14.
Kb1 Bc6 15. Bd3 Be7 16. f4 g6 17. Rhg1 h5 18. g3 b6 19. c3 Bc5 20. Bd4 a5 21.
b3 O-O-O 22. Kb2 Kb7 23. a3 Bxd4 24. cxd4 Bd7 25. h3 Rdg8 26. Rdf1 Rg7 27. Rg2
h4 28. g4 Rhg8 29. Rgf2 Kb8 30. Rc2 Rc8 31. Rxc8+ Bxc8 32. Rc1 Bd7 33. a4 Rg8
34. Rc2 Kb7 35. Kc1 Rg7 36. Kd2 Rg8 37. Ke3 Rg7 38. Kf3 Rg8 39. Ke3 Rg7 40. Rf2
Kc7 41. f5 gxf5 42. gxf5 Rg3+ 43. Rf3 Rg1 44. f6 Re1+ 45. Kf4 Rg1 46. Bf1 Be8
47. Ke3 Rg8 48. Kf2 Kd8 49. Bb5 Bxb5 50. axb5 Rg3 51. Rf4 Rxh3 52. Rg4 Rg3 53.
Rxh4 Rg8 54. Kf3 Kd7 55. Rh7 Ke8 56. Kf4 Kf8 57. Rh1 Ke8 58. Rc1 Kd7 59. Rc6
Rb8 60. Kg5 1-0

[Event "SV Recklinghausen-Süd 1 - SV Horst-Ems"]
[Site "Verbandsliga - Gr. 2 2019/202"]
[Date "2019.12.08"]
[Round "4.2"]
[White "Höfker, Mathias"]
[Black "Krüger, Fabian"]
[Result "0-1"]
[WhiteElo "2102"]
[BlackElo "2201"]
[PlyCount "94"]
[EventDate "2019.??.??"]
[WhiteTeam "SV Recklinghausen-SÃ¼d 1"]
[BlackTeam "SV Horst-Emscher 1"]

1. d4 Nf6 2. Nf3 g6 3. c4 Bg7 4. Nc3 O-O 5. e4 d6 6. Be2 e5 7. d5 a5 8. O-O Na6
9. Re1 Nc5 10. Bf1 Bd7 11. Rb1 c6 12. b3 Qb8 13. Ba3 cxd5 14. Bxc5 dxc5 15.
Nxd5 Rd8 16. a4 b6 17. Rc1 Nxd5 18. cxd5 Bh6 19. Rc3 Qd6 20. h3 Ra7 21. Bc4 Bc8
22. Qe2 Rf8 23. Nd2 f5 24. exf5 gxf5 25. Nf1 e4 26. Qd1 Bf4 27. Ne3 Rg7 28. Bf1
Qf6 29. Rc1 Be5 30. Nc4 Bd4 31. Rc2 Qh6 32. Kh2 Qf4+ 33. g3 Qh6 34. Qc1 f4 35.
Rxe4 Bxf2 36. g4 Qh4 37. Bg2 Qg3+ 38. Kh1 f3 39. Rxf2 Qxf2 40. Bf1 Bxg4 41.
hxg4 Qh4+ 42. Kg1 f2+ 43. Kg2 Rxg4+ 44. Rxg4+ Qxg4+ 45. Kh2 Qg1+ 46. Kh3 Rf3+
47. Kh4 Qg3+ 0-1

[Event "SV Recklinghausen-Süd 1 - SV Horst-Ems"]
[Site "Verbandsliga - Gr. 2 2019/202"]
[Date "2019.12.08"]
[Round "4.3"]
[White "Rebentisch, Tom"]
[Black "Herud, Martin"]
[Result "1/2-1/2"]
[WhiteElo "2045"]
[BlackElo "2002"]
[PlyCount "81"]
[EventDate "2019.??.??"]
[WhiteTeam "SV Horst-Emscher 1"]
[BlackTeam "SV Recklinghausen-SÃ¼d 1"]

1. d4 d5 2. c4 Nc6 3. Nc3 Nf6 4. Bf4 dxc4 5. d5 e5 6. Bg3 Nb4 7. e4 Bd6 8. Bxc4
O-O 9. a3 Na6 10. Nf3 Bg4 11. h3 Bh5 12. O-O Nc5 13. Re1 Bg6 14. Bh4 a5 15. Rc1
Qd7 16. Bxf6 gxf6 17. Nh4 f5 18. exf5 Bxf5 19. Nxf5 Qxf5 20. b4 axb4 21. axb4
Nd7 22. Bd3 Qg5 23. Re3 Kh8 24. Ne4 Qh4 25. Ng3 Ra2 26. Rc4 e4 27. Rcxe4 Qf6
28. Qf3 Qxf3 29. gxf3 Nf6 30. Rh4 Rg8 31. f4 Bxb4 32. Kf1 Bc5 33. Re2 Ra1+ 34.
Re1 Ra3 35. Ne4 Nxe4 36. Bxe4 Re8 37. Rxh7+ Kg8 38. Rh5 Ra2 39. Bh7+ Kf8 40.
Rxe8+ Kxe8 41. Re5+ 1/2-1/2

[Event "SV Recklinghausen-Süd 1 - SV Horst-Ems"]
[Site "Verbandsliga - Gr. 2 2019/202"]
[Date "2019.12.08"]
[Round "4.4"]
[White "Callenberg, Ralf"]
[Black "Buschmann, Andreas"]
[Result "1-0"]
[WhiteElo "1982"]
[BlackElo "2038"]
[PlyCount "59"]
[EventDate "2019.??.??"]
[WhiteTeam "SV Recklinghausen-SÃ¼d 1"]
[BlackTeam "SV Horst-Emscher 1"]

1. c4 g6 2. g3 Bg7 3. Bg2 d6 4. Nc3 e5 5. d3 f5 6. Nf3 Nf6 7. Bd2 O-O 8. Rb1 h6
9. h4 c6 10. Qc1 Kh7 11. c5 Na6 12. cxd6 Qxd6 13. O-O Be6 14. b4 Nc7 15. Be3
Nd7 16. d4 Nd5 17. dxe5 Nxe5 18. Nxd5 Bxd5 19. Bc5 Qc7 20. Nxe5 Bxg2 21. Kxg2
Qxe5 22. Bxf8 Rxf8 23. Qc4 f4 24. Rbd1 b5 25. Qd3 Bf6 26. Qf3 Be7 27. Rd7 Kh8
28. Qd3 Rf6 29. Rxa7 Bxb4 30. Qd7 1-0

[Event "SV Recklinghausen-Süd 1 - SV Horst-Ems"]
[Site "Verbandsliga - Gr. 2 2019/202"]
[Date "2019.12.08"]
[Round "4.5"]
[White "Arndt, Olaf"]
[Black "Mecklenburg, Roland"]
[Result "1-0"]
[WhiteElo "1915"]
[BlackElo "1980"]
[PlyCount "99"]
[EventDate "2019.??.??"]
[WhiteTeam "SV Horst-Emscher 1"]
[BlackTeam "SV Recklinghausen-SÃ¼d 1"]

1. e4 {[%emt 0:00:00]} c6 2. d4 d6 3. Nf3 g6 4. Nc3 Bg7 5. Bc4 Nf6 6. Bb3 O-O
7. O-O Qc7 8. h3 e5 9. dxe5 dxe5 10. Be3 Qe7 11. Qe2 Be6 12. Bxe6 Qxe6 13. Bc5
Rd8 14. Rad1 Nbd7 15. Rd6 Qe8 16. Be3 Bf8 17. Rd2 h6 18. Qc4 Nb6 19. Qb3 Nfd7
20. Rfd1 Nc5 21. Rxd8 Rxd8 22. Rxd8 Qxd8 23. Bxc5 Bxc5 24. Nxe5 Bxf2+ 25. Kf1
Qf6 26. Qxf7+ Qxf7 27. Nxf7 Kxf7 28. Kxf2 Ke6 29. b3 g5 30. Kf3 Nd7 31. Ne2 Ke5
32. Ke3 Nf6 33. Nc1 Nd7 34. Nd3+ Kd6 35. Kd4 c5+ 36. Ke3 b5 37. c3 a5 38. Nb2
Ne5 39. c4 b4 40. Nd3 Nf7 41. g3 Nd8 42. e5+ Kc6 43. Ke4 Ne6 44. Kf5 Nd4+ 45.
Kf6 Ne2 46. e6 Nxg3 47. e7 Ne4+ 48. Kf7 Nd6+ 49. Kf8 h5 50. Ne5+ 1-0

[Event "SV Recklinghausen-Süd 1 - SV Horst-Ems"]
[Site "Verbandsliga - Gr. 2 2019/202"]
[Date "2019.12.08"]
[Round "4.6"]
[White "Hajra, Hetem"]
[Black "Göldenboog, Jürgen"]
[Result "1/2-1/2"]
[WhiteElo "1926"]
[BlackElo "1945"]
[PlyCount "76"]
[EventDate "2019.??.??"]
[WhiteTeam "SV Recklinghausen-SÃ¼d 1"]
[BlackTeam "SV Horst-Emscher 1"]

1. e4 c6 2. d4 d5 3. exd5 cxd5 4. Nf3 Nc6 5. c3 Nf6 6. Bd3 g6 7. Bf4 Bg7 8. h3
Bf5 9. Bxf5 gxf5 10. Qb3 Qd7 11. Ne5 Nxe5 12. Bxe5 Rg8 13. Nd2 Ne4 14. Nxe4
fxe4 15. Bf4 Rc8 16. O-O-O Rc6 17. g3 Bh6 18. Bxh6 Rxh6 19. Kb1 Rb6 20. Qc2 Qb5
21. Rhe1 Rgg6 22. Qe2 Qxe2 23. Rxe2 Rgf6 24. Rdd2 Rf3 25. Kc1 Rbf6 26. Kd1 e3
27. Rxe3 Rxf2 28. Rxf2 Rxf2 29. Re2 Rf1+ 30. Kc2 Rf3 31. Rg2 h5 32. Kd2 Rf1 33.
Ke2 Rh1 34. h4 Rb1 35. Kf3 f6 36. g4 Rf1+ 37. Kg3 hxg4 38. Kxg4 Kf7 1/2-1/2

[Event "SV Recklinghausen-Süd 1 - SV Horst-Ems"]
[Site "Verbandsliga - Gr. 2 2019/202"]
[Date "2019.12.08"]
[Round "4.7"]
[White "Rebentisch, Sebastian"]
[Black "Parado, Dominador"]
[Result "0-1"]
[WhiteElo "1787"]
[BlackElo "1885"]
[PlyCount "72"]
[EventDate "2019.??.??"]
[WhiteTeam "SV Horst-Emscher 1"]
[BlackTeam "SV Recklinghausen-SÃ¼d 1"]

1. e4 g6 2. d4 Bg7 3. Nf3 d6 4. Bc4 e6 5. Nc3 Ne7 6. Bb3 h6 7. Be3 Nd7 8. Qd2
a5 9. a3 Nf6 10. Rd1 Nd7 11. O-O g5 12. h3 Ng6 13. Rfe1 O-O 14. Nh2 Nf6 15. f4
gxf4 16. Bxf4 Nxf4 17. Qxf4 Nh7 18. Re3 Bd7 19. Rg3 Kh8 20. e5 d5 21. Qg4 Rg8
22. Rf1 f5 23. exf6 Nxf6 24. Qh4 a4 25. Ba2 Nh7 26. Qxd8 Bxd4+ 27. Kh1 Raxd8
28. Rgf3 Ng5 29. Rf4 c5 30. h4 Bxc3 31. bxc3 Ne4 32. R1f3 Ng3+ 33. Kg1 Ne2+ 34.
Kf2 Nxf4 35. Rxf4 c4 36. Ng4 Rgf8 0-1

[Event "SV Recklinghausen-Süd 1 - SV Horst-Ems"]
[Site "Verbandsliga - Gr. 2 2019/202"]
[Date "2019.12.08"]
[Round "4.8"]
[White "Komossa, Julian"]
[Black "Schütze, Andre"]
[Result "0-1"]
[WhiteElo "1336"]
[BlackElo "2113"]
[PlyCount "66"]
[EventDate "2019.??.??"]
[WhiteTeam "SV Recklinghausen-SÃ¼d 1"]
[BlackTeam "SV Horst-Emscher 1"]

1. e4 {[%emt 0:00:00]} c5 2. Nf3 Nc6 3. d4 cxd4 4. Nxd4 Nf6 5. Nc3 e6 6. Bg5 h6
7. Bh4 Be7 8. Bc4 Qb6 9. Nxc6 bxc6 10. O-O Qxb2 11. Qf3 Qb4 12. Bb3 e5 13. Rab1
Qc5 14. Rfd1 O-O 15. Na4 Qa5 16. g4 d5 17. Bxf6 Bxf6 18. exd5 cxd5 19. Rxd5 Bb7
20. Rxa5 Bxf3 21. h3 Rfd8 22. Nc3 Rd2 23. Bd5 Bxd5 24. Rxd5 Rxc2 25. Ne4 Rxa2
26. Nxf6+ gxf6 27. Rd7 a5 28. Rbb7 Rf8 29. Rd6 Kg7 30. Ra7 e4 31. Rda6 e3 32.
Rc7 e2 33. Rc1 Re8 0-1

[Event "Oberhausener SV 2 - SV Königsspringer H"]
[Site "Verbandsliga - Gr. 2 2019/202"]
[Date "2019.12.08"]
[Round "4.1"]
[White "Happel, Heiner"]
[Black "Weyh, Thomas"]
[Result "1-0"]
[WhiteElo "2186"]
[BlackElo "1993"]
[PlyCount "81"]
[EventDate "2019.??.??"]
[WhiteTeam "SV Königsspringer Hamm 1"]
[BlackTeam "Oberhausener SV 2"]

1. d4 d5 2. Nf3 e6 3. c4 c5 4. cxd5 exd5 5. g3 Nc6 6. Bg2 Nf6 7. O-O Be7 8. b3
Ne4 9. Bb2 Bf6 10. Nc3 cxd4 11. Nb5 Nc3 12. Bxc3 dxc3 13. Qxd5 Be6 14. Qxd8+
Rxd8 15. Rac1 Nb4 16. Nxc3 Bxc3 17. Rxc3 Nxa2 18. Rc7 Rd7 19. Rc8+ Rd8 20.
Rxd8+ Kxd8 21. Nd4 Nb4 22. Bxb7 Kc7 23. Bg2 Rd8 24. e3 Bd5 25. Rc1+ Kb6 26.
Bxd5 Rxd5 27. Rc8 a5 28. Kg2 g6 29. h4 h5 30. Kf3 Nd3 31. Ke4 Rc5 32. Rxc5
Nxc5+ 33. Kd5 Nd3 34. f4 Nf2 35. Kd6 Ne4+ 36. Ke7 Nxg3 37. Kxf7 Nf5 38. Nxf5
gxf5 39. Kg6 Kc5 40. Kxh5 Kb4 41. Kg6 1-0

[Event "Oberhausener SV 2 - SV Königsspringer H"]
[Site "Verbandsliga - Gr. 2 2019/202"]
[Date "2019.12.08"]
[Round "4.2"]
[White "Krueger, André"]
[Black "Frombach, Ralf"]
[Result "0-1"]
[WhiteElo "1959"]
[BlackElo "2139"]
[PlyCount "50"]
[EventDate "2019.??.??"]
[WhiteTeam "Oberhausener SV 2"]
[BlackTeam "SV Königsspringer Hamm 1"]

1. e4 c5 2. Nf3 e6 3. g3 Nc6 4. Bg2 Nf6 5. d3 d5 6. Qe2 Be7 7. h4 O-O 8. e5 Nd7
9. Bf4 b5 10. Nbd2 a5 11. c3 b4 12. c4 Nb6 13. Rc1 Ra7 14. Ng5 h6 15. Qh5 Nd4
16. Ngf3 Nf5 17. Qg4 Qd7 18. h5 Qa4 19. Nh4 Qxa2 20. cxd5 Nxh4 21. gxh4 exd5
22. Qg3 Kh7 23. Rg1 Rg8 24. Ne4 Bf5 25. Nf6+ gxf6 0-1

[Event "Oberhausener SV 2 - SV Königsspringer H"]
[Site "Verbandsliga - Gr. 2 2019/202"]
[Date "2019.12.08"]
[Round "4.3"]
[White "Prueß, Wilfried"]
[Black "Gerst, Michael"]
[Result "1/2-1/2"]
[WhiteElo "2065"]
[BlackElo "1899"]
[PlyCount "66"]
[EventDate "2019.??.??"]
[WhiteTeam "SV Königsspringer Hamm 1"]
[BlackTeam "Oberhausener SV 2"]

1. c4 c5 2. Nc3 Nc6 3. g3 g6 4. Bg2 Bg7 5. e4 d6 6. Nge2 Nf6 7. O-O O-O 8. d3
Rb8 9. f4 a6 10. h3 Bd7 11. a4 Ne8 12. Kh2 Nc7 13. f5 b5 14. axb5 axb5 15. cxb5
Nxb5 16. Nxb5 Rxb5 17. Nc3 Rb8 18. Nd5 e6 19. Ne3 Nd4 20. f6 Bxf6 21. Ra7 Bg7
22. Ng4 f5 23. Nh6+ Kh8 24. exf5 gxf5 25. Qe1 Qe8 26. g4 Bc6 27. Rxg7 Kxg7 28.
gxf5 exf5 29. Qg3+ Kh8 30. Qxd6 Bxg2 31. Bf4 Nc6 32. Kxg2 Qg6+ 33. Kh1 Qxd6
1/2-1/2

[Event "Oberhausener SV 2 - SV Königsspringer H"]
[Site "Verbandsliga - Gr. 2 2019/202"]
[Date "2019.12.08"]
[Round "4.4"]
[White "Matzat, Andre"]
[Black "Schmidt, Ingo"]
[Result "1-0"]
[WhiteElo "1992"]
[BlackElo "1967"]
[Annotator "Daniel"]
[PlyCount "95"]
[EventDate "2019.??.??"]
[WhiteTeam "Oberhausener SV 2"]
[BlackTeam "SV Königsspringer Hamm 1"]

1. d4 d5 2. Bf4 c5 3. e3 cxd4 4. exd4 Bf5 5. Nf3 Nc6 6. c3 Qb6 7. Qb3 Nf6 8.
Nbd2 e6 9. Qxb6 axb6 10. Bb5 Nd7 11. O-O Be7 12. Ne5 Ndxe5 13. Bxe5 O-O-O 14.
Rfe1 Nxe5 15. dxe5 Kb8 16. Nf3 g5 17. Nd4 Bg6 18. a4 Rc8 19. a5 bxa5 20. Rxa5
Rc5 $11 21. Rea1 Rhc8 22. Nb3 Rxb5 23. Rxb5 Bd3 24. Rba5 Rc4 25. Nd4 Bc5 26.
Nb5 Kc8 27. Rd1 Bc2 28. Rd2 Re4 29. Ra1 Bb3 30. Nd6+ Bxd6 31. exd6 Kd7 32. f3
Rf4 33. Ra7 Kxd6 34. Rxb7 Bc4 35. b3 Kc6 36. Rb4 Bb5 37. Rxf4 gxf4 38. g3 fxg3
39. hxg3 Kc5 40. Kf2 e5 41. Ke3 Bd7 42. Ra2 Be6 43. Ra5+ Kb6 44. b4 Kc6 45. Ra7
Kb6 46. Re7 Kc6 47. f4 exf4+ 48. Kxf4 1-0